000 00949cam a2200265 a 4500
001 3078
005 20250826140243.0
020 _a059081298X
040 _aDLC
_cDLC
_dDLC
_beng
050 0 0 _aPZ8.A95
_b 1998
082 0 0 _a398.21
100 1 _aAylesworth, Jim
245 1 4 _aThe gingerbread man /
_cretold by Jim Aylesworth ; illustrated by Barbara McClintock.
250 _aFirst Scholastic paperback printing , May 1998
260 _aNew York :
_bScholastic Press,
_c1998
300 _a30 unnumbered pages :
_bcolor illustrations ;
_c29 cm.
505 _aK
520 _aA freshly baked gingerbread man escapes when he is taken out of the oven and eludes a number of pursuers until he meets a clever fox.
521 _a510
_bLexile
521 _aK
_bRaz-Plus
650 1 _agingerbread man
_vfairy tale
700 1 _aMcClintock, Barbara
_eillustrator
906 _a7
_bcbc
_corignew
_d1
_eocip
_f19
_gy-gencatlg
942 _2ddc
_cBK
_n0
999 _c3078
_d3078